Statistics for Eurovision Song Contest: Entries That Received More Than 200 Points

Click here to take the quiz!

General Stats

  • This quiz has been taken 179 times
  • The average score is 16 of 29

Answer Stats

HintAnswer% Correct
387Fairytale
94%
372Euphoria
92%
290Rise like a phoenix
80%
281Only teardrops
79%
268Molitva
78%
221Running scared
74%
230My number one
72%
272Believe
72%
292Hard rock hallelujah
72%
246Satellite
70%
280Wild dances
69%
259Party for everybody
61%
218Is it true?
60%
238Calm after the storm
54%
234Hold me
54%
218Undo
52%
230Shady lady
45%
207Always
41%
248Never let you go
41%
235Dancing lasha tumbai
39%
263Lane moje
38%
214Gravity
38%
214Nije ljubav stvar
36%
227Love shine a light
34%
229Lejla
31%
218Secret combination
31%
226Rock'n'roll kids
27%
252Shake It
27%
207Song # 1
24%

Score Distribution

Percentile by Number Answered

Percent of People with Each Score

Your Score History

You have not taken this quiz